000 00309nam a2200097Ia 4500
008 240331s9999 xx 000 0 und d
082 _a230
_bDOR
100 _aDornberg, Ulrich
245 0 _aSearching Through the Crisis :
_bChristians,Contextual Theology and Social Change in Sri Lanka in the 1970s 1980s
942 _cL
999 _c818
_d818